00499nam a2200133Ia 4500008004100000100001500041245010200056245005200158260005300210260001800263300000800281650001500289856006100304170221s9999 xx 000 0 und d aAbdul Sami aDoes Ethical Leadership Create Public Value? Empirical Evidences from Banking Sector of Pakistan  cAbdul Sami, Ahmad Jusoh, Muhammad Imran Qureshi bInternational Review of Management and Marketing cDecember 2015 a7:2 xMarketing. uhttp://www.econjournals.com/index.php/irmm/issue/view/77